MANUAL DE ONCOLOGIA : (Registro nro. 52976)
[ vista simple ]
| 000 -LEADER | |
|---|---|
| fixed length control field | 01069nam a2200253 a 4500 |
| 001 - CONTROL NUMBER | |
| control field | 52976 |
| 003 - CONTROL NUMBER IDENTIFIER | |
| control field | Mx-PuUPA |
| 005 - DATE AND TIME OF LATEST TRANSACTION | |
| control field | 20231122085304.0 |
| 008 - FIXED-LENGTH DATA ELEMENTS--GENERAL INFORMATION | |
| fixed length control field | 140415s2006 mx 000 0 spa d |
| 020 ## - INTERNATIONAL STANDARD BOOK NUMBER | |
| International Standard Book Number | 9701057384 |
| 040 ## - CATALOGING SOURCE | |
| Transcribing agency | Mx |
| 041 ## - LANGUAGE CODE | |
| Language code of text/sound track or separate title | spa |
| 082 ## - DEWEY DECIMAL CLASSIFICATION NUMBER | |
| Classification number | 616.992 |
| Item number | HER |
| 100 1# - MAIN ENTRY--PERSONAL NAME | |
| Personal name | Herrera Gómez, Ángel,. |
| 9 (RLIN) | 4172 |
| 245 10 - TITLE STATEMENT | |
| Title | MANUAL DE ONCOLOGIA : |
| Remainder of title | PROCEDIMIENTOS MEDICO QUIRURGICOS |
| 250 ## - EDITION STATEMENT | |
| Edition statement | 3a ed. |
| 260 ## - PUBLICATION, DISTRIBUTION, ETC. | |
| Place of publication, distribution, etc. | MEXICO : |
| Name of publisher, distributor, etc. | MCGRAW-HILL INTERAMERICANA EDITORES, |
| Date of publication, distribution, etc. | 2006 |
| 300 ## - PHYSICAL DESCRIPTION | |
| Extent | 1192 |
| Dimensions | 15 x 4.2 x 21 |
| 520 ## - SUMMARY, ETC. | |
| Summary, etc. | LA PRACTICA DE LA ONCOLOGIA HA CAMBIADO EN GRADO CONSIDERABLE DESDELAPRIMERA EDICION DE ESTE MANUAL. EN CADA CAPITULO AHORA SE HA CONCEDIDO MAYOR ATENCIÓN AL DIAGNOSTICO DIFERENCIAL, DE TAL SUERTE QUE SEA ÚTIL AL MEDICO DE PRIMER CONTACTO: POR LO DEMÁS, AHORA SE HA INCLUIDO MAYOR CANTIDAD DE TABLAS, GRAFICAS, ETC. QUE BRINDAN APOYO A LOS CONCEPTOS VERTIDOS. |
| 650 14 - SUBJECT ADDED ENTRY--TOPICAL TERM | |
| Topical term or geographic name entry element | ONCOLOGIA |
| 700 1# - ADDED ENTRY--PERSONAL NAME | |
| Personal name | ALCALA PRIETO, FRANCISCO |
| Relator term | pról. |
| 700 1# - ADDED ENTRY--PERSONAL NAME | |
| Personal name | GRANADOS GARCIA, MARTIN -GONZALEZ BARON, MANUEL |
| Relator term | coaut. |
| 942 ## - ADDED ENTRY ELEMENTS (KOHA) | |
| Source of classification or shelving scheme | Dewey Decimal Classification |
| Koha item type | Libro |
| Withdrawn status | Lost status | Source of classification or shelving scheme | Damaged status | Not for loan | Collection code | Home library | Current library | Shelving location | Date acquired | Source of acquisition | Inventory number | Total Checkouts | Total Renewals | Full call number | Barcode | Date last seen | Date last checked out | Price effective from | Koha item type |
|---|---|---|---|---|---|---|---|---|---|---|---|---|---|---|---|---|---|---|---|
| Dewey Decimal Classification | General | Biblioteca Karol Wojtyla | Biblioteca Karol Wojtyla | Sala general | 03/12/2013 | Compra | 151000000000000000008777 | 18 | 2 | 616.992 GRA 2006 | 78734 | 05/01/2026 | 25/03/2025 | 13/10/2015 | Libro |